Piłkarska kariera Garetha Bale'a. - Statystyki

Ogólne statystyki
  • Ten quiz został rozwiązany 103 razy
  • Średni wynik to 4 z 5
Statystyki odpowiedzi
Lata Odpowiedź % Poprawnych
2013-2020 Real Madryt
100%
2021-teraz Real Madryt
100%
2007-2013 Tottenham
97%
2020-2021 Tottenham
97%
2006-2007 Southampton
42%
Nie znaleziono quizów pasujących do podanych kryteriów
Rozkład punktacji
Procent ludzi z każdym wynikiem
Percentyl według liczby udzielonych odpowiedzi
Twoja historia wyników
Nie rozwiązałeś tego quizu